Marketing magazine marketing je změna a změna je marketing

Uložené v:
Podrobná bibliografia
Médium: Seriál
Jazyk:Czech
Vydavateľské údaje: Praha Mladá fronta 2004
Predmet:
Tagy: Pridať tag
Žiadne tagy, Buďte prvý, kto otaguje tento záznam!

MARC

LEADER 00000nas2a2200000 4500
001 0069701
005 20080124153153.7
022 |a 1211-7315 
041 0 |a cze 
044 |a CZ 
245 1 0 |a Marketing magazine  |b marketing je změna a změna je marketing 
264 1 |a Praha  |b Mladá fronta  |c 2004 
773 0 |w eu_un_cat*s122062 
610 2 0 |a marketing